Serie / Film erkennen. - Statistiken

Allgemein
  • Dieses Quiz wurde 112 mal gespielt
  • Das Durchschnittsergebnis liegt bei 9 aus 20
Antwortstatistiken
Bildquiz Antwort % Korrekt
Game of Thrones
87%
Prison Break
85%
The Wolf of Wall Street
85%
Scrubs
79%
Stranger Things
65%
The Walking Dead
63%
Joker
58%
Dexter
54%
Rush Hour
49%
Interstellar
46%
How I Met Your Mother
39%
Brooklyn Nine-Nine
37%
I Am Legend
35%
Scary Movie
35%
House of Cards
30%
Malcolm Mittendrin
30%
Mufasa
19%
Transformers
15%
Die etwas anderen Cops
7%
Vier Brüder
4%
Keine übereinstimmenden Quizze gefunden
Verteilung der Resultate
Anzahl Personen mit jedem Resultat
Perzentil nach korrekt beantworteten Fragen
Ihre Resultats-Entwicklung
Sie haben dieses Quiz noch nicht gespielt